Normal view MARC view
  • Martínez Blanco, Enrique,

Entry Nombre Personal

Number of records used in: 7

001 - NUMERO DE CONTROL

  • campo de control: 32755

003 - IDENTIFICADOR DE NUMERO DE CONTROL

  • campo de control: UPN

005 - FECHA Y HORA DE LA ÜLTIMA TRANSACCIÓN

  • campo de control: 20210219194436.0

008 - DATOS DE LONGITUD FIJA

  • campo de control de longitud fija: nabaccnnaabn|||||||||| b |nc|||||d

035 ## - NUMERO DE CONTROL

  • Número de control: UPN11000004862

040 ## - FUENTE DE CATALOGACIÓN

  • Lenguaje de catalogación: SPA
  • Agencia de transcripción: UPN

100 1# - ENCABEZAMIENTO - NOMBRE PERSONAL

  • Nombre personal: Martínez Blanco, Enrique,
  • Fechas asociadas con el nombre: 1947-

670 ## - FUENTE EN LA QUE SE LOCALIZARON DATOS

  • Cita de la fuente: LC/T
  • Uniform Resource Identifier: http://www.sacalejugoalalectura.com/ilustrator;id,79

680 ## - NOTA PUBLICA DE ACCESO PÚBLICO

  • Frase explicativa de la referencia: Pintor, ilustrador y diseñador gráfico cubano

902 ## - CATALOGADOR

  • Catalogador: MITM/131112